EDIA project. Guide for creators of open educational resources (Record no. 69904)

MARC details
000 -LEADER
campo de control de longitud fija 00571nmm a2200169Ia 4500
008 - DATOS DE LONGITUD FIJA--INFORMACIÓN GENERAL
campo de control de longitud fija 251105s9999||||xx |||||||||||||||||und||
041 ## - CÓDIGO DE IDIOMA
Código de lengua del texto/banda sonora o título independiente eng
100 ## - ENTRADA PRINCIPAL--NOMBRE DE PERSONA
Nombre de persona Pereira Baz, Miguel Ángel
245 #0 - MENCIÓN DEL TÍTULO
Título EDIA project. Guide for creators of open educational resources
264 ## - PRODUCCIÓN, PUBLICACIÓN, DISTRIBUCIÓN, FABRICACIÓN Y COPYRIGHT
Producción, publicación, distribución, fabricación y copyright [Madrid, España] :
Nombre del de productor, editor, distribuidor, fabricante Ministerio de Educación, Cultura y Deporte de España,
Fecha de producción, publicación, distribución, fabricación o copyright 2018
300 ## - DESCRIPCIÓN FÍSICA
Extensión 26 páginas
650 ## - PUNTO DE ACCESO ADICIONAL DE MATERIA--TÉRMINO DE MATERIA
Término de materia o nombre geográfico como elemento de entrada Education
700 ## - ENTRADA AGREGADA--NOMBRE PERSONAL
Nombre de persona Pereira Baz, Miguel Ángel
700 1# - ENTRADA AGREGADA--NOMBRE PERSONAL
Nombre de persona Valdera López, Cristina
856 ## - LOCALIZACIÓN Y ACCESO ELECTRÓNICOS
Identificador Uniforme de Recursos <a href="https://public.digitaliapublishing.com/a/60366">https://public.digitaliapublishing.com/a/60366</a>
942 ## - ELEMENTOS DE ENTRADA SECUNDARIOS (KOHA)
Tipo de ítem Koha Libro Digital

No items available.

Powered by Koha